| 000 | 01420 a2200241 4500 | ||
|---|---|---|---|
| 001 | 55364 | ||
| 005 | 20260407155827.0 | ||
| 008 | 260407a1974 arg spa d | ||
| 003 | AR-UNSa-BCEJYS | ||
| 040 |
_aAR-UNSa-BCEJYS _bspa _cAR-UNSa-BCEJYS |
||
| 080 |
_a340.12 _xTendencias en la teoría del derecho. Escuelas, doctrinas jurídicas. Filosofía del derecho. Teorías sobre el Estado y el derecho |
||
| 245 | 1 | 0 | _aFilosofía del derecho |
| 020 | _a84-7162-322-6 | ||
| 250 | _a9a. ed. | ||
| 264 | 1 |
_aBarcelona : _bBosch _c1974 |
|
| 300 |
_axxiv, 559 p. _c22 cm. |
||
| 505 | _a1. Historia de la filosofía del derecho - 2. Filosofía griega - 3. Los juristas romanos - 4. El cristianismo y la filosofía del derecho en la edad media - 5. El renacimiento - 6. La filosofía del derecho en la edad moderna - 7. Concepto y temas de la filosofía del derecho - 8. Relaciones entre la filosofía del derecho y las materias afines - 9. Métodos en general y métodos de la filosofía del derecho - 10. El concepto del derecho - 11. Análisis del concepto del derecho - 12. Relaciones entre derecho y moral - 13. El derecho en sentido objetivo - 14. La coercibilidad en el derecho - 15. Fuentes del derecho positivo - 16. El derecho subjetivo - 17. La sociedad - | ||
| 041 | _aspa | ||
| 942 | _cBK | ||
| 590 | _aniveau_biblio:m niveau_hierar:0 | ||
| 100 | 1 | _aDel Vecchio, Giorgio | |
| 700 | 1 | _aLegaz y Lacambra, Luis | |
| 999 |
_c5926 _d5926 |
||